| 000 | 00888nam a22002657a 4500 | ||
|---|---|---|---|
| 005 | 20231219124514.0 | ||
| 010 | _aENG-127717 ENG-138610 | ||
| 020 |
_c150.00 _a9789386725851 |
||
| 020 |
_c500.00 _a9789389740417 |
||
| 035 | _aEN-111249 | ||
| 035 | _aEN-122142 | ||
| 037 | _bDBAD/PUB | ||
| 082 |
_a370.71 _21 |
||
| 100 |
_aRao, K.Ravikanth _959948 |
||
| 245 |
_aTowards self-Understanding/ _cBy K.Ravikanth Rao and Kavitha Ajay Edited By B.V. Pattabhi Ram |
||
| 250 | _a1 | ||
| 260 |
_aNew Delhi _c2020 _bNeelkamal |
||
| 270 |
_a4764/1,23, Ansari Road,Daryaganj _e110002 _bNew Delhi _k011-23244237 _k9811828953 |
||
| 300 |
_aix,127p. _b24cm(pbk) |
||
| 300 |
_aix,130p. _b24cm(pbk) |
||
| 500 | _aincludes bibliographical references | ||
| 700 |
_aKavitha Ajay _eAuthor _959949 |
||
| 700 |
_aB.V.Pattabhi Ram _eEditor _959950 |
||
| 942 |
_2ddc _cEN _h370.71 _mRAO _e1 |
||
| 999 |
_c172781 _d172781 |
||